000
00332nam a2200157Ia 4500
100
_a
Valkenburg/Van
250
_a
3
942
_c
BK
654
_a
network
245
_a
Network Analysis
260
_b
Prentice Hall of India
_a
New Delhi
_c
1974
082
_a
621.385/VAL
_b
VAL
300
_a
571
546
_a
ENGLISH
999
_c
21950
_d
21950